[Event "Junior Online 4NCL Division 5"]
[Site "online"]
[Date "2021.02.04"]
[Round "2.75"]
[White "Morin, Julian"]
[Black "Petriuc, Stefan"]
[Result "1-0"]
[WhiteElo "938"]
[BlackElo "1000"]
[PlyCount "65"]
[EventDate "2021.02.04"]
[WhiteTeam "Barnet Knights F"]
[BlackTeam "Harrow Juniors H"]

1. e4 e5 2. Nf3 Nc6 3. Nc3 Bb4 4. Bc4 Nf6 5. d3 d6 6. Bg5 O-O 7. a3 Bc5 8. b4
Bd4 9. Qd2 Bg4 10. Nxd4 exd4 11. Nd5 Nxd5 12. Bxd5 Qd7 13. Qf4 Kh8 14. O-O Ne7
15. Bxe7 Qxe7 16. Qxg4 Rae8 17. Bxb7 Rb8 18. Bd5 Rb5 19. Rfe1 c6 20. Bxc6 Rb6
21. Bd5 Qe5 22. Qf5 Qxf5 23. exf5 g6 24. fxg6 fxg6 25. h3 Rf5 26. c4 Rg5 27.
Re8+ Kg7 28. Re7+ Kf6 29. Rxa7 Rb8 30. Rxh7 Re8 31. g3 Re2 32. Rf7+ Ke5 33. f4#
1-0

[Event "Junior Online 4NCL Division 5"]
[Site "online"]
[Date "2021.02.04"]
[Round "2.76"]
[White "Shah, Kian"]
[Black "Marshall, Wilfred"]
[Result "0-1"]
[WhiteElo "925"]
[BlackElo "887"]
[PlyCount "74"]
[EventDate "2021.02.04"]
[WhiteTeam "Harrow Juniors H"]
[BlackTeam "Barnet Knights F"]

1. e4 c5 2. c4 e5 3. d3 Nc6 4. f3 Nf6 5. b3 Be7 6. Na3 O-O 7. g3 a6 8. Bh3 d6
9. Bxc8 Qxc8 10. Nh3 Qxh3 11. Rf1 Nd4 12. Nc2 Qxh2 13. Nxd4 Qxg3+ 14. Rf2 exd4
15. Kf1 Nd7 16. Rg2 Qh3 17. Kg1 Bh4 18. Rh2 Qg3+ 19. Rg2 Qe1+ 20. Qxe1 Bxe1 21.
Re2 Bh4 22. Re1 Bxe1 23. a4 f6 24. Kg2 Rae8 25. Ra3 f5 26. Ra2 fxe4 27. Re2 Bh4
28. Re1 Bxe1 29. Bf4 Rxf4 30. dxe4 Nf6 31. Kf1 Rexe4 32. Kg2 Re2+ 33. Kf1 Re6
34. Kg2 Bh4 35. Kf1 Rxf3+ 36. Kg2 Rf2+ 37. Kg1 Re1# 0-1

[Event "Junior Online 4NCL Division 5"]
[Site "online"]
[Date "2021.02.04"]
[Round "2.77"]
[White "Thompson, Alex"]
[Black "Parikh, Aadhya"]
[Result "1-0"]
[WhiteElo "844"]
[BlackElo "1000"]
[PlyCount "45"]
[EventDate "2021.02.04"]
[WhiteTeam "Barnet Knights F"]
[BlackTeam "Harrow Juniors H"]

1. e4 e5 2. Nf3 Nc6 3. Nc3 Nf6 4. Bc4 Bc5 5. d3 d6 6. Nd5 Nxd5 7. Bxd5 Bg4 8.
O-O Bxf3 9. Qxf3 O-O 10. Qg3 g6 11. Qf3 Qe7 12. a3 Nd4 13. Qg3 Nxc2 14. Ra2 Nd4
15. b4 Bb6 16. Be3 Nc6 17. Bg5 Qe8 18. Bh6 a5 19. b5 Ne7 20. Qg5 Nxd5 21. exd5
Qxb5 22. Qf6 Qb3 23. Qg7# 1-0

[Event "Junior Online 4NCL Division 5"]
[Site "online"]
[Date "2021.02.04"]
[Round "2.78"]
[White "Cann, Harriet"]
[Black "Finlay Fox, George"]
[Result "0-1"]
[WhiteElo "925"]
[BlackElo "800"]
[PlyCount "54"]
[EventDate "2021.02.04"]
[WhiteTeam "Harrow Juniors H"]
[BlackTeam "Barnet Knights F"]

1. e3 e5 2. Bd3 Bd6 3. Nf3 Nf6 4. Nh4 O-O 5. Nc3 Ng4 6. Nd5 Qxh4 7. Nf6+ gxf6
8. Bxh7+ Kxh7 9. Qe2 b6 10. Qd3+ Kg8 11. Qf1 Ba6 12. Qg1 Nc6 13. b4 Bxb4 14.
Bb2 Bc5 15. c3 Bxe3 16. dxe3 b5 17. e4 b4 18. cxb4 Nxb4 19. Bxe5 Nc6 20. Bxc7
Nd4 21. Bg3 Qg5 22. Rd1 Ne2 23. Rxd7 Nxg1 24. Rxf7 Rxf7 25. Rxg1 Rd7 26. f4 Rc8
27. Rf1 Qa5# 0-1

[Event "Junior Online 4NCL Division 5"]
[Site "online"]
[Date "2021.02.04"]
[Round "2.79"]
[White "Petriuc, Stefan"]
[Black "Morin, Julian"]
[Result "0-1"]
[WhiteElo "1000"]
[BlackElo "938"]
[PlyCount "66"]
[EventDate "2021.02.04"]
[WhiteTeam "Harrow Juniors H"]
[BlackTeam "Barnet Knights F"]

1. e4 e5 2. Bb5 Nf6 3. Nc3 Nc6 4. Nf3 d6 5. O-O Bg4 6. Qe2 a6 7. h3 Bxf3 8.
Qxf3 axb5 9. Nxb5 Be7 10. d3 O-O 11. Bg5 Nd7 12. Qg3 Bxg5 13. h4 Bxh4 14. Qh3
Nf6 15. Rae1 Qd7 16. Qxh4 Qg4 17. Qxg4 Nxg4 18. Nxc7 Rxa2 19. f3 Nf6 20. Re2
Rxb2 21. Kf2 Nd4 22. Rfe1 Nxe2 23. Rxe2 Rc8 24. Nb5 Rcxc2 25. Rxc2 Rxc2+ 26.
Kg3 Rb2 27. Nxd6 b5 28. Nf5 b4 29. Ne3 b3 30. Nd1 Ra2 31. d4 exd4 32. e5 b2 33.
exf6 b1=Q 0-1

[Event "Junior Online 4NCL Division 5"]
[Site "online"]
[Date "2021.02.04"]
[Round "2.80"]
[White "Marshall, Wilfred"]
[Black "Shah, Kian"]
[Result "1-0"]
[WhiteElo "887"]
[BlackElo "925"]
[PlyCount "25"]
[EventDate "2021.02.04"]
[WhiteTeam "Barnet Knights F"]
[BlackTeam "Harrow Juniors H"]

1. e4 c5 2. Nf3 e5 3. Bc4 Nc6 4. c3 Bd6 5. d4 Nf6 6. dxe5 O-O 7. exf6 Qxf6 8.
O-O Qh4 9. Nxh4 g5 10. Bxg5 Bxh2+ 11. Kxh2 Na5 12. Qg4 Nxc4 13. Bf6# 1-0

[Event "Junior Online 4NCL Division 5"]
[Site "online"]
[Date "2021.02.04"]
[Round "2.81"]
[White "Parikh, Aadhya"]
[Black "Thompson, Alex"]
[Result "0-1"]
[WhiteElo "1000"]
[BlackElo "844"]
[PlyCount "110"]
[EventDate "2021.02.04"]
[WhiteTeam "Harrow Juniors H"]
[BlackTeam "Barnet Knights F"]

1. e4 e5 2. Nf3 Nc6 3. Nc3 Nf6 4. Bb5 a6 5. Bxc6 bxc6 6. Nxe5 Bd6 7. Nc4 Bc5 8.
e5 Ng4 9. Qxg4 d5 10. Ne3 Bxg4 11. Nxg4 Qh4 12. g3 Qxg4 13. d3 Qf5 14. Be3 Bxe3
15. fxe3 Qxe5 16. O-O-O Qxe3+ 17. Kb1 Rb8 18. b3 Qd4 19. Ne2 Qe5 20. Ng1 Qe3
21. a4 c5 22. Nh3 c4 23. Rhe1 Qxe1 24. Rxe1+ Kd8 25. dxc4 dxc4 26. Nf4 cxb3 27.
cxb3 Rxb3+ 28. Ka2 Rf3 29. Ne2 Re8 30. g4 Rf2 31. h3 Rfxe2+ 32. Rxe2 Rxe2+ 33.
Kb1 Re3 34. Kc2 Rxh3 35. g5 Ra3 36. Kb2 Rxa4 37. Kb3 f6 38. Kxa4 fxg5 39. Ka5
g4 40. Kxa6 g3 41. Kb5 g2 42. Kc6 g1=Q 43. Kd5 Qg6 44. Kc5 Qe6 45. Kd4 Qf5 46.
Kc3 Qe4 47. Kd2 Qf3 48. Kc1 Qe2 49. Kb1 Qd2 50. Ka1 Kd7 51. Kb1 Kc6 52. Ka1 Kc5
53. Kb1 Kb4 54. Ka1 Kb3 55. Kb1 Qb2# 0-1

[Event "Junior Online 4NCL Division 5"]
[Site "online"]
[Date "2021.02.04"]
[Round "2.82"]
[White "Finlay Fox, George"]
[Black "Cann, Harriet"]
[Result "1-0"]
[WhiteElo "800"]
[BlackElo "925"]
[PlyCount "21"]
[EventDate "2021.02.04"]
[WhiteTeam "Barnet Knights F"]
[BlackTeam "Harrow Juniors H"]

1. e4 e6 2. Bd3 Nc6 3. Nf3 Nd4 4. Nxd4 Bc5 5. Nf3 Nf6 6. Bb5 c6 7. d4 Bxd4 8.
Ng5 Ng4 9. O-O Ne3 10. Qh5 Nxf1 11. Qxf7# 1-0

[Event "Junior Online 4NCL Division 5"]
[Site "online"]
[Date "2021.02.04"]
[Round "2.85"]
[White "Boopathy, Harsheth"]
[Black "Rothl, Nathan"]
[Result "1/2-1/2"]
[WhiteElo "954"]
[BlackElo "700"]
[PlyCount "54"]
[EventDate "2021.02.04"]
[WhiteTeam "Uxbridge Juniors Eagles"]
[BlackTeam "St. Laurence's BNS 2"]

1. d4 d5 2. e3 Nf6 3. Nc3 Nc6 4. b3 Bf5 5. Bd3 Bxd3 6. cxd3 Qd6 7. Nf3 e6 8. g3
Be7 9. a4 O-O 10. a5 Nxa5 11. Ba3 Qb6 12. h4 Nxb3 13. Rb1 Bxa3 14. Qxb3 Qa6 15.
Ra1 Qxd3 16. Qxa3 b6 17. Qa2 Qxc3+ 18. Qd2 Qxa1+ 19. Qd1 Qa5+ 20. Qd2 Qa1+ 21.
Qd1 Qa5+ 22. Qd2 Qa4 23. Qd1 Qb4+ 24. Qd2 Qb3 25. Qd1 Qc3+ 26. Qd2 Qa1+ 27. Qd1
Qa5+ 1/2-1/2

[Event "Junior Online 4NCL Division 5"]
[Site "online"]
[Date "2021.02.04"]
[Round "2.86"]
[White "Tully, Daragh"]
[Black "Jones, Theo"]
[Result "1-0"]
[WhiteElo "700"]
[BlackElo "985"]
[PlyCount "73"]
[EventDate "2021.02.04"]
[WhiteTeam "St. Laurence's BNS 2"]
[BlackTeam "Uxbridge Juniors Eagles"]

1. e4 e6 2. Bc4 Nf6 3. Nc3 Nc6 4. Nf3 d6 5. d4 Be7 6. O-O O-O 7. Bd2 Nb4 8. a3
Nxc2 9. Qxc2 Bd7 10. Ng5 h6 11. Nf3 Qc8 12. Nh4 b5 13. e5 Ne8 14. Bb3 f5 15.
Rfe1 Rf6 16. exf6 Bxf6 17. Ng6 Kh7 18. g4 Kxg6 19. gxf5+ exf5 20. a4 Qb8 21.
Qd3 a6 22. Qg3+ Kh7 23. Kh1 Qb6 24. Nd5 Qxd4 25. Red1 Qxd5+ 26. Kg1 bxa4 27.
Bxd5 Ra7 28. Rxa4 Rb7 29. Bb4 a5 30. Kh1 Ra7 31. Rg1 Bxa4 32. Qg6+ Kh8 33.
Qxe8+ Kh7 34. Qg6+ Kh8 35. Bc3 Ra6 36. Bxf6 gxf6 37. Qg7# 1-0

[Event "Junior Online 4NCL Division 5"]
[Site "online"]
[Date "2021.02.04"]
[Round "2.87"]
[White "Machutadze, Nicholas"]
[Black "Savage, Harry"]
[Result "1-0"]
[WhiteElo "791"]
[BlackElo "700"]
[PlyCount "71"]
[EventDate "2021.02.04"]
[WhiteTeam "Uxbridge Juniors Eagles"]
[BlackTeam "St. Laurence's BNS 2"]

1. d4 d5 2. Nc3 Nc6 3. Nf3 Bf5 4. Bf4 a6 5. e3 Nb4 6. Bd3 Bxd3 7. cxd3 e6 8. a3
Nc6 9. O-O Bd6 10. Bg5 f6 11. Bh4 Nh6 12. e4 dxe4 13. dxe4 Qe7 14. e5 fxe5 15.
Bxe7 Bxe7 16. dxe5 Nf5 17. Re1 O-O 18. Ne4 a5 19. Qd7 Rac8 20. Qxe6+ Rf7 21.
Qxc8+ Nd8 22. Qxc7 Rf8 23. Qxa5 b6 24. Qxb6 h6 25. a4 Ne6 26. Qxe6+ Rf7 27. a5
Bb4 28. Red1 Ne7 29. a6 Nc8 30. Qxc8+ Rf8 31. Qe6+ Rf7 32. a7 Bf8 33. a8=Q g6
34. Qxg6+ Rg7 35. Qxh6 Rh7 36. Qhxf8# 1-0

[Event "Junior Online 4NCL Division 5"]
[Site "online"]
[Date "2021.02.04"]
[Round "2.88"]
[White "Rothl, Matthew"]
[Black "Machutadze, Dimitri"]
[Result "0-1"]
[WhiteElo "700"]
[BlackElo "700"]
[PlyCount "48"]
[EventDate "2021.02.04"]
[WhiteTeam "St. Laurence's BNS 2"]
[BlackTeam "Uxbridge Juniors Eagles"]

1. e4 e5 2. Nf3 Nf6 3. Nc3 Nc6 4. d3 d6 5. Bg5 h6 6. Bxf6 gxf6 7. Nd5 Be6 8.
Be2 Bxd5 9. exd5 Nd4 10. Nxd4 exd4 11. O-O Bg7 12. Bf3 f5 13. Qe1+ Qe7 14. Qd2
O-O 15. Rae1 Qg5 16. Qe2 Rae8 17. Qd2 Rxe1 18. Qxe1 b6 19. Qd1 Re8 20. Re1
Rxe1+ 21. Qxe1 a5 22. Qe8+ Kh7 23. Qxf7 Qc1+ 24. Bd1 Qxd1# 0-1

[Event "Junior Online 4NCL Division 5"]
[Site "online"]
[Date "2021.02.04"]
[Round "2.89"]
[White "Rothl, Nathan"]
[Black "Boopathy, Harsheth"]
[Result "1-0"]
[WhiteElo "700"]
[BlackElo "954"]
[PlyCount "117"]
[EventDate "2021.02.04"]
[WhiteTeam "St. Laurence's BNS 2"]
[BlackTeam "Uxbridge Juniors Eagles"]

1. e4 e5 2. Nf3 Nf6 3. Nc3 Nc6 4. Bc4 g6 5. Ng5 h6 6. Nxf7 Qe7 7. Nxh8 Qg7 8.
Nf7 b6 9. O-O a6 10. b4 b5 11. Qe2 bxc4 12. Qxc4 d5 13. exd5 Rb8 14. dxc6 Rb6
15. d3 Rxb4 16. Qxb4 Bxb4 17. d4 exd4 18. Ne2 Qxf7 19. Nxd4 Qd5 20. Rd1 Bg4 21.
Rd3 Bf5 22. Rd1 Bg4 23. Rd3 Bf5 24. Rd1 Bg4 25. f3 Bf5 26. Rb1 Bc5 27. Rb8+ Ke7
28. Re1+ Kf7 29. Rd1 Bxd4+ 30. Kh1 Bc5 31. Rxd5 Nxd5 32. Ra8 Ne3 33. Bxe3 Bxe3
34. Rxa6 Bxc2 35. Ra3 g5 36. Rxe3 Bd1 37. Ra3 g4 38. fxg4 Bxg4 39. h3 Be6 40.
Ra7 Bd5 41. Rxc7+ Kf6 42. a4 h5 43. a5 Bc4 44. g4 h4 45. Rh7 Bb5 46. Rh6+ Ke5
47. c7 Bd7 48. a6 Bc6+ 49. Kh2 Kf4 50. Rxc6 Kg5 51. c8=Q Kf4 52. a7 Ke3 53.
a8=Q Ke4 54. Qf8 Ke3 55. Qae8+ Kd3 56. Rd6+ Kc2 57. Qc8+ Kb2 58. Rb6+ Ka2 59.
Qa8# 1-0

[Event "Junior Online 4NCL Division 5"]
[Site "online"]
[Date "2021.02.04"]
[Round "2.90"]
[White "Jones, Theo"]
[Black "Tully, Daragh"]
[Result "0-1"]
[WhiteElo "985"]
[BlackElo "700"]
[PlyCount "160"]
[EventDate "2021.02.04"]
[WhiteTeam "Uxbridge Juniors Eagles"]
[BlackTeam "St. Laurence's BNS 2"]

1. e3 e5 2. Nf3 Qg5 3. Nxg5 Be7 4. Nxf7 Kxf7 5. g4 Bb4 6. c3 Nh6 7. cxb4 d6 8.
Bc4+ Kf8 9. Rg1 Nf7 10. Rg3 Nh6 11. Rf3+ Ke8 12. Qa4+ Kd8 13. Rf8+ Rxf8 14. Be6
a6 15. Bxc8 Kxc8 16. d4 exd4 17. Bd2 dxe3 18. Bxe3 Nxg4 19. Bg5 Re8+ 20. Kd2
Nxf2 21. Nc3 Rf8 22. Re1 Nh3 23. Ne4 Nxg5 24. Nxg5 Rf2+ 25. Kd1 Rxh2 26. Qa3
Nc6 27. b5 Kb8 28. bxc6 bxc6 29. b4 Ra7 30. Re8+ Kb7 31. b5 axb5 32. Qb3 Rh1+
33. Kd2 Rh2+ 34. Kc1 Rh1+ 35. Kd2 Rh3 36. Qxh3 Rxa2+ 37. Ke3 Ra3+ 38. Kf2 Rxh3
39. Kg2 Rh5 40. Nxh7 Rxh7 41. Re3 b4 42. Re1 b3 43. Kf3 b2 44. Ke4 Rh6 45. Kd4
Re6 46. Rxe6 b1=Q 47. Re2 Qd1+ 48. Rd2 Qxd2+ 49. Ke4 c5 50. Kf3 c4 51. Kg3 c3
52. Kf3 c2 53. Kg4 c1=B 54. Kf5 d5 55. Ke6 d4 56. Ke7 d3 57. Ke8 Qc3 58. Kf8 g5
59. Ke8 d2 60. Kd8 d1=B 61. Ke7 g4 62. Ke6 g3 63. Kf5 g2 64. Ke4 g1=B 65. Kd5
Bf3+ 66. Ke6 Bg4+ 67. Kd5 Bf3+ 68. Ke6 Bg4+ 69. Kd5 Bf3+ 70. Ke6 Qe3+ 71. Kf7
Bh5+ 72. Kf6 Bb2+ 73. Kf5 Qf3+ 74. Ke6 Bg4+ 75. Ke7 Qf5 76. Ke8 Qe6+ 77. Kf8
Ba3+ 78. Kg7 Bd4+ 79. Kh7 Qf5+ 80. Kg8 Qg6# 0-1

[Event "Junior Online 4NCL Division 5"]
[Site "online"]
[Date "2021.02.04"]
[Round "2.91"]
[White "Savage, Harry"]
[Black "Machutadze, Nicholas"]
[Result "1-0"]
[WhiteElo "700"]
[BlackElo "791"]
[PlyCount "61"]
[EventDate "2021.02.04"]
[WhiteTeam "St. Laurence's BNS 2"]
[BlackTeam "Uxbridge Juniors Eagles"]

1. e4 e5 2. Nf3 Nc6 3. Nc3 Nf6 4. Bc4 Bc5 5. h3 d6 6. Ng5 h6 7. Nxf7 Qe7 8.
Nxh8 Na5 9. Ng6 Qd7 10. Bb5 Qxb5 11. Nxb5 c6 12. Nc7+ Kd8 13. Nxa8 Nxe4 14. O-O
Bf5 15. d3 Nf6 16. Nf8 g5 17. Qf3 Ke8 18. Qxf5 Kxf8 19. Qxf6+ Ke8 20. Nc7+ Kd7
21. Qf7+ Kc8 22. Ne8 Kd8 23. Qe6 b5 24. Qxh6 Kxe8 25. Bxg5 Kf7 26. Qf6+ Kg8 27.
Qg6+ Kf8 28. Qh6+ Ke8 29. Qh8+ Kf7 30. Qf6+ Ke8 31. Qe7# 1-0

[Event "Junior Online 4NCL Division 5"]
[Site "online"]
[Date "2021.02.04"]
[Round "2.92"]
[White "Machutadze, Dimitri"]
[Black "Rothl, Matthew"]
[Result "1-0"]
[WhiteElo "700"]
[BlackElo "700"]
[PlyCount "97"]
[EventDate "2021.02.04"]
[WhiteTeam "Uxbridge Juniors Eagles"]
[BlackTeam "St. Laurence's BNS 2"]

1. d4 d5 2. Nc3 Nf6 3. Nf3 Nc6 4. e3 e6 5. Bb5 Qd7 6. O-O a6 7. Bxc6 Qxc6 8.
Re1 Qd6 9. Ne5 Be7 10. Qf3 O-O 11. a4 h6 12. b3 Nd7 13. Ba3 Nxe5 14. Bxd6 Nxf3+
15. gxf3 Bxd6 16. e4 dxe4 17. fxe4 f5 18. e5 Be7 19. f4 Bh4 20. Re3 g5 21. Rf3
gxf4 22. Rxf4 Rf7 23. Rxh4 Rg7+ 24. Kf2 Bd7 25. Rxh6 Be8 26. Rxe6 Bh5 27. Nd5
c6 28. Nf6+ Kh8 29. Nxh5 Rh7 30. Ng3 Rxh2+ 31. Kf3 Rxc2 32. Nxf5 Rc3+ 33. Ke4
Rh3 34. Rh6+ Kg8 35. Rxh3 Kf8 36. Rh8+ Kf7 37. Rxa8 Kg6 38. Rg1+ Kf7 39. Rgg8
Ke6 40. Rg6+ Kd7 41. Rh8 Kc7 42. Rhh6 Kb6 43. Ne7 Ka7 44. Nxc6+ bxc6 45. Rxc6
Kb7 46. Rxa6 Kc7 47. Ra7+ Kb8 48. Rhh7 Kc8 49. Rh8# 1-0

[Event "Junior Online 4NCL Division 5"]
[Site "online"]
[Date "2021.02.04"]
[Round "2.96"]
[White "Vora, Ravi"]
[Black "Stewart, Hari"]
[Result "0-1"]
[WhiteElo "1050"]
[BlackElo "1817"]
[PlyCount "42"]
[EventDate "2021.02.04"]
[WhiteTeam "Warwickshire Bears H"]
[BlackTeam "Kings College School"]

1. e4 c5 2. Nc3 g6 3. Bc4 Bg7 4. d3 Nc6 5. Nf3 e6 6. O-O Nge7 7. Be3 d5 8. exd5
exd5 9. Bb5 d4 10. Bg5 f6 11. Bh4 dxc3 12. bxc3 O-O 13. c4 Nf5 14. Re1 Nxh4 15.
Nxh4 f5 16. Rb1 Qxh4 17. Qf3 Nd4 18. Qd5+ Kh8 19. Ba4 f4 20. Qxc5 f3 21. g3 Qh3
0-1

[Event "Junior Online 4NCL Division 5"]
[Site "online"]
[Date "2021.02.04"]
[Round "2.97"]
[White "Ali, Shahvez"]
[Black "Khashu, Rohan"]
[Result "1-0"]
[WhiteElo "1787"]
[BlackElo "950"]
[PlyCount "83"]
[EventDate "2021.02.04"]
[WhiteTeam "Kings College School"]
[BlackTeam "Warwickshire Bears H"]

1. c4 c5 2. Nc3 Nc6 3. g3 b6 4. Bg2 Bb7 5. e3 e6 6. Nge2 Ba6 7. b3 Bd6 8. d4
cxd4 9. Nxd4 Nce7 10. Bxa8 Qxa8 11. O-O Bb7 12. Nxe6 Bh1 13. f3 dxe6 14. Kxh1
Nf6 15. Qxd6 Nf5 16. Qd3 O-O 17. e4 Ne7 18. Ba3 Qe8 19. Rfd1 Nd7 20. Qxd7 Qxd7
21. Rxd7 f5 22. Rxe7 fxe4 23. Nxe4 Rxf3 24. Re8+ Kf7 25. Ng5+ Kxe8 26. Nxf3 e5
27. Re1 e4 28. Rxe4+ Kd8 29. Ng5 h6 30. Ne6+ Ke8 31. Nxg7+ Kf7 32. Nf5 Kg6 33.
Ne7+ Kf6 34. Kg2 b5 35. c5 b4 36. Bxb4 a5 37. c6 axb4 38. c7 h5 39. c8=Q h4 40.
Re6+ Kg5 41. Qg8+ Kh5 42. Qg6# 1-0

[Event "Junior Online 4NCL Division 5"]
[Site "online"]
[Date "2021.02.04"]
[Round "2.100"]
[White "Stewart, Hari"]
[Black "Vora, Ravi"]
[Result "1-0"]
[WhiteElo "1817"]
[BlackElo "1050"]
[PlyCount "67"]
[EventDate "2021.02.04"]
[WhiteTeam "Kings College School"]
[BlackTeam "Warwickshire Bears H"]

1. c4 e5 2. g3 Bc5 3. Bg2 c6 4. Nc3 Nf6 5. e3 d6 6. Nge2 Bg4 7. O-O O-O 8. h3
Bh5 9. g4 Bg6 10. d4 exd4 11. exd4 Bb6 12. f4 h6 13. f5 Bh7 14. b4 a5 15. bxa5
Bxa5 16. Bd2 Nbd7 17. Ne4 Nxe4 18. Bxe4 Bxd2 19. Qxd2 Nb6 20. Qc2 Re8 21. Ng3
Qg5 22. Rf3 d5 23. cxd5 cxd5 24. Bd3 Re3 25. Raf1 Rae8 26. Kg2 Rxf3 27. Rxf3
Nc4 28. Bxc4 dxc4 29. Qxc4 Qd2+ 30. Rf2 Qe3 31. Re2 Qxe2+ 32. Nxe2 Re3 33. Qc8+
Re8 34. Qxe8# 1-0

[Event "Junior Online 4NCL Division 5"]
[Site "online"]
[Date "2021.02.04"]
[Round "2.101"]
[White "Khashu, Rohan"]
[Black "Ali, Shahvez"]
[Result "0-1"]
[WhiteElo "950"]
[BlackElo "1787"]
[PlyCount "46"]
[EventDate "2021.02.04"]
[WhiteTeam "Warwickshire Bears H"]
[BlackTeam "Kings College School"]

1. e4 c5 2. Bc4 Nc6 3. Nf3 e6 4. Nc3 Nge7 5. O-O d5 6. Be2 g6 7. Qe1 Bg7 8. Nd1
dxe4 9. Ng5 f5 10. f3 exf3 11. Bxf3 O-O 12. Qe3 Bd4 13. Qxd4 Nxd4 14. Nc3 Nxc2
15. Rb1 Nd5 16. Bxd5 exd5 17. Rf4 d4 18. Ne2 Qxg5 19. d3 Ne3 20. Bxe3 dxe3 21.
Rc4 b6 22. Nc3 Bb7 23. Nb5 Qxg2# 0-1

[Event "Junior Online 4NCL Division 5"]
[Site "online"]
[Date "2021.02.18"]
[EventDate "2021.02.18"]
[Round "3.11"]
[White "Kumar, Soham"]
[WhiteElo "1811"]
[WhiteTeam "Berkshire Bishops"]
[Black "Wieleba, Hugo"]
[BlackElo "1384"]
[BlackTeam "Wanstead Warriors 2"]
[Result "1-0"]
[PlyCount "79"]

1. e4 e5 2. Nf3 Nc6 3. Bb5 d6 4. d4 exd4 5. Nxd4 Bd7 6. O-O Nf6 7. Nc3 Be7 8. Be3 O-O 9. Nxc6 Bxc6 10. Bxc6 bxc6 11. f3 Re8 12. Qd2 Bf8 13. Rad1 c5 14. Nd5 Nxd5 15. Qxd5 h6 16. f4 Qd7 17. Bxc5 Qe6 18. Bd4 Qxd5 19. exd5 Rec8 20. c4 c5 21. dxc6 Rxc6 22. b3 a6 23. f5 f6 24. Rfe1 Rc7 25. Re6 Rd7 26. Bb2 Rad8 27. Ba3 d5 28. Bxf8 Rxf8 29. Rxd5 Rxd5 30. cxd5 Rd8 31. d6 Rd7 32. Kf2 Kf7 33. Ke3 g6 34. g4 gxf5 35. gxf5 h5 36. Kd4 Kg7 37. Kd5 Kf7 38. Kc6 Rd8 39. d7 h4 40. Kc7 1-0

[Event "Junior Online 4NCL Division 5"]
[Site "online"]
[Date "2021.02.18"]
[EventDate "2021.02.18"]
[Round "3.12"]
[White "Ta, Duc"]
[WhiteElo "1351"]
[WhiteTeam "Wanstead Warriors 2"]
[Black "Rybak, Teo"]
[BlackElo "1780"]
[BlackTeam "Berkshire Bishops"]
[Result "0-1"]
[PlyCount "78"]

1. d4 Nf6 2. Bf4 d5 3. e3 g6 4. c3 Bg7 5. Nf3 Nbd7 6. Nbd2 O-O 7. Bd3 c5 8. Ne5 Nh5 9. O-O Nxf4 10. exf4 cxd4 11. cxd4 Qb6 12. Nb3 Nxe5 13. fxe5 Bd7 14. Nc5 Bb5 15. Bxb5 Qxb5 16. Rb1 b6 17. Nb3 Rfc8 18. Rc1 e6 19. Rxc8+ Rxc8 20. Re1 Bh6 21. Re2 Qb4 22. h3 Qc4 23. g4 a5 24. Re1 a4 25. Nd2 Qxd4 26. Re2 Qxb2 27. Nf3 Qa3 28. Ne1 Qxh3 29. Qxa4 Rc1 30. Qe8+ Kg7 31. Qa4 Bd2 32. Qd4 Rxe1+ 33. Rxe1 Bxe1 34. Qxb6 Qxg4+ 35. Kf1 Bc3 36. a4 Bxe5 37. a5 Bd4 38. Qb5 Qf3 39. Qe2 Qh1# 0-1

[Event "Junior Online 4NCL Division 5"]
[Site "online"]
[Date "2021.02.18"]
[EventDate "2021.02.18"]
[Round "3.14"]
[White "Wong, Joseph"]
[WhiteElo "1299"]
[WhiteTeam "Wanstead Warriors 2"]
[Black "Sreeram, Yashasvini"]
[BlackElo "1705"]
[BlackTeam "Berkshire Bishops"]
[Result "0-1"]
[PlyCount "66"]

1. e4 c5 2. Nf3 d6 3. d4 cxd4 4. Qxd4 Nc6 5. Qa4 Bd7 6. c3 Ne5 7. Qd1 Nxf3+ 8. Qxf3 Rb8 9. Bc4 Nf6 10. Bg5 h6 11. Bxf6 exf6 12. Nd2 Be7 13. O-O O-O 14. Rad1 Qc8 15. h3 Be6 16. b3 b5 17. Bd3 Qxc3 18. Qe2 a6 19. Rc1 Qa5 20. Rc2 Rfc8 21. Rfc1 Qd8 22. Rxc8 Rxc8 23. Bc2 f5 24. e5 dxe5 25. Qxe5 Qxd2 26. Qb2 Bg5 27. Rd1 Qxc2 28. Rd8+ Bxd8 29. Qe5 Qc1+ 30. Kh2 Bc7 31. f4 Bxe5 32. fxe5 Qf4+ 33. Kh1 Rc1# 0-1

[Event "Junior Online 4NCL Division 5"]
[Site "online"]
[Date "2021.02.18"]
[EventDate "2021.02.18"]
[Round "3.15"]
[White "Wieleba, Hugo"]
[WhiteElo "1384"]
[WhiteTeam "Wanstead Warriors 2"]
[Black "Kumar, Soham"]
[BlackElo "1811"]
[BlackTeam "Berkshire Bishops"]
[Result "0-1"]
[PlyCount "34"]

1. c4 c5 2. g3 g6 3. Bg2 Bg7 4. Nf3 Nf6 5. O-O O-O 6. Nc3 e6 7. d3 d5 8. cxd5 exd5 9. e3 Nc6 10. d4 c4 11. b3 cxb3 12. Qxb3 Rb8 13. Ng5 Be6 14. Nxe6 fxe6 15. Re1 Ng4 16. Bf3 Rxf3 17. Kg2 Rxf2+ 0-1

[Event "Junior Online 4NCL Division 5"]
[Site "online"]
[Date "2021.02.18"]
[EventDate "2021.02.18"]
[Round "3.16"]
[White "Rybak, Teo"]
[WhiteElo "1780"]
[WhiteTeam "Berkshire Bishops"]
[Black "Ta, Duc"]
[BlackElo "1351"]
[BlackTeam "Wanstead Warriors 2"]
[Result "0-1"]
[PlyCount "64"]

1. e4 e6 2. d4 d5 3. exd5 exd5 4. Bd3 Nc6 5. Ne2 Nf6 6. O-O Be6 7. Nbc3 Bd6 8. Bg5 h6 9. Bh4 O-O 10. Qd2 Nb4 11. Nb5 Nxd3 12. Nxd6 cxd6 13. Qxd3 Rc8 14. c3 Re8 15. Nf4 g5 16. Nxe6 Rxe6 17. Bg3 Ne4 18. Rae1 Qe7 19. Re3 f5 20. f3 f4 21. Ree1 fxg3 22. fxe4 gxh2+ 23. Kxh2 dxe4 24. Qh3 Re8 25. Re3 Kg7 26. Qg3 Rf8 27. Rxf8 Qxf8 28. Qg4 Qf4+ 29. Qxf4 gxf4 30. Re1 e3 31. Kg1 Kf6 32. g3 f3 0-1

[Event "Junior Online 4NCL Division 5"]
[Site "online"]
[Date "2021.02.18"]
[EventDate "2021.02.18"]
[Round "3.17"]
[White "Mukherjee, Aradhya"]
[WhiteElo "1337"]
[WhiteTeam "Wanstead Warriors 2"]
[Black "Khoury, Theo"]
[BlackElo "1645"]
[BlackTeam "Berkshire Bishops"]
[Result "0-1"]
[PlyCount "66"]

1. e4 c5 2. Nf3 d6 3. d4 cxd4 4. Nxd4 Nf6 5. Nc3 a6 6. Bc4 e6 7. O-O b5 8. Bd3 Bb7 9. Be3 Be7 10. Nb3 O-O 11. f3 Nbd7 12. Qd2 Rc8 13. f4 b4 14. Ne2 Bxe4 15. Bxa6 Rxc2 16. Qd1 Ng4 17. Bf2 Qa8 18. Bd3 Bxd3 19. Qxd3 Rc7 20. h3 Nxf2 21. Rxf2 Rfc8 22. Rf3 Nc5 23. Nxc5 Rxc5 24. Qd4 Rc4 25. Qf2 d5 26. Kh2 Bf6 27. Rg3 Bh4 28. Rxg7+ Kxg7 29. Qxh4 Rg8 30. Qg5+ Kh8 31. Qh6 Qf8 32. Qh5 Qg7 33. Rf1 Qxg2# 0-1

[Event "Junior Online 4NCL Division 5"]
[Site "online"]
[Date "2021.02.18"]
[EventDate "2021.02.18"]
[Round "3.18"]
[White "Sreeram, Yashasvini"]
[WhiteElo "1705"]
[WhiteTeam "Berkshire Bishops"]
[Black "Wong, Joseph"]
[BlackElo "1299"]
[BlackTeam "Wanstead Warriors 2"]
[Result "1-0"]
[PlyCount "115"]

1. e4 d5 2. exd5 Qxd5 3. Nc3 Qa5 4. d4 c6 5. Nf3 Nf6 6. Bd2 Qc7 7. Be2 Bf5 8. h3 e6 9. O-O Bd6 10. Re1 Ne4 11. Nxe4 Bxe4 12. Bd3 Bxd3 13. cxd3 Nd7 14. Rc1 h6 15. d5 O-O 16. dxe6 fxe6 17. Qb3 Nc5 18. Qc2 b6 19. d4 Nb7 20. Qxc6 Qe7 21. Qe4 Rae8 22. Qg6 Rf6 23. Qe4 Nd8 24. a3 a5 25. Be3 e5 26. dxe5 Bxe5 27. Qxe5 Qxe5 28. Nxe5 Rxe5 29. Rc8 Rf8 30. Rd1 Ree8 31. Bxb6 Nb7 32. Rxe8 Rxe8 33. Rd7 Rb8 34. Bd4 Kf8 35. Rxg7 Nd6 36. Rh7 Nf5 37. Rh8+ Ke7 38. Rxb8 Nxd4 39. Kf1 Nc2 40. Rb5 Nd4 41. Rxa5 Nc6 42. Rh5 Kf6 43. Rxh6+ Ke7 44. Rxc6 Kd7 45. Rh6 Ke7 46. b4 Kf7 47. b5 Kg7 48. Rc6 Kf7 49. b6 Ke7 50. b7 Kd7 51. Rc1 Kd6 52. b8=Q+ Kd5 53. Rc7 Kd6 54. Qd8+ Ke6 55. Re7+ Kf6 56. Qf8+ Kg6 57. Rg7+ Kh6 58. Qh8# 1-0